Catholic University of Zimbabwe Library
Online Public Access Catalogue
(OPAC)

American Homes (Record no. 24799)

MARC details
000 -LEADER
fixed length control field 01719cam a22004934a 4500
001 - CONTROL NUMBER
control field muse61008
003 - CONTROL NUMBER IDENTIFIER
control field MdBmJHUP
005 - DATE AND TIME OF LATEST TRANSACTION
control field 20210127151142.0
006 - FIXED-LENGTH DATA ELEMENTS--ADDITIONAL MATERIAL CHARACTERISTICS
fixed length control field m o d
007 - PHYSICAL DESCRIPTION FIXED FIELD--GENERAL INFORMATION
fixed length control field cr||||||||nn|n
008 - FIXED-LENGTH DATA ELEMENTS--GENERAL INFORMATION
fixed length control field 150521t20152015miu o 00 0 eng d
010 ## - LIBRARY OF CONGRESS CONTROL NUMBER
Canceled/invalid LC control number 2015295700
020 ## - INTERNATIONAL STANDARD BOOK NUMBER
International Standard Book Number 9780472120994
020 ## - INTERNATIONAL STANDARD BOOK NUMBER
International Standard Book Number 0472120999
020 ## - INTERNATIONAL STANDARD BOOK NUMBER
Canceled/invalid ISBN 9780472072583
020 ## - INTERNATIONAL STANDARD BOOK NUMBER
Canceled/invalid ISBN 0472072587
020 ## - INTERNATIONAL STANDARD BOOK NUMBER
Canceled/invalid ISBN 9780472052585 (paper : alk. paper)
020 ## - INTERNATIONAL STANDARD BOOK NUMBER
Canceled/invalid ISBN 0472052586 (paper : alk. paper)
035 ## - SYSTEM CONTROL NUMBER
System control number (OCoLC)1017611483
040 ## - CATALOGING SOURCE
Original cataloging agency MdBmJHUP
Transcribing agency MdBmJHUP
050 04 - LIBRARY OF CONGRESS CALL NUMBER
Classification number PS3618.I3916
Item number A84 2015
082 0# - DEWEY DECIMAL CLASSIFICATION NUMBER
Classification number 818/.6
Edition number 23
100 1# - MAIN ENTRY--PERSONAL NAME
Personal name Ridge, Ryan,
Relator term author.
245 10 - TITLE STATEMENT
Title American Homes
Statement of responsibility, etc. Ryan Ridge.
300 ## - PHYSICAL DESCRIPTION
Extent 1 online resource (114 pages) :
Other physical details illustrations ;
490 0# - SERIES STATEMENT
Series statement Twenty-First Century Prose series
500 ## - GENERAL NOTE
General note Includes index.
506 0# - RESTRICTIONS ON ACCESS NOTE
Terms governing access Open Access
Standardized terminology for access restriction Unrestricted online access
Source of term star
588 ## - SOURCE OF DESCRIPTION NOTE
Source of description note Description based on print version record.
650 #0 - SUBJECT ADDED ENTRY--TOPICAL TERM
Topical term or geographic name entry element Short stories.
Source of heading or term fast
Authority record control number or standard number (OCoLC)fst01117043
650 #0 - SUBJECT ADDED ENTRY--TOPICAL TERM
Topical term or geographic name entry element American fiction.
Source of heading or term fast
Authority record control number or standard number (OCoLC)fst00807048
655 #0 - INDEX TERM--GENRE/FORM
Genre/form data or focus term Short stories.
Source of term gsafd
655 #7 - INDEX TERM--GENRE/FORM
Genre/form data or focus term Electronic books.
Source of term local
710 2# - ADDED ENTRY--CORPORATE NAME
Corporate name or jurisdiction name as entry element University of Michigan.
Subordinate unit Press,
Relator term publisher.
710 2# - ADDED ENTRY--CORPORATE NAME
Corporate name or jurisdiction name as entry element Project Muse.
Relator term distributor
830 #0 - SERIES ADDED ENTRY--UNIFORM TITLE
Uniform title Twenty-First Century Prose series.
830 #0 - SERIES ADDED ENTRY--UNIFORM TITLE
Uniform title Book collections on Project MUSE.
856 40 - ELECTRONIC LOCATION AND ACCESS
Public note Full text available:
Uniform Resource Identifier <a href="https://muse.jhu.edu/book/52249/">https://muse.jhu.edu/book/52249/</a>
945 ## - LOCAL PROCESSING INFORMATION (OCLC)
a Project MUSE - Archive Complete Supplement VI
945 ## - LOCAL PROCESSING INFORMATION (OCLC)
a Project MUSE - Archive Poetry, Fiction and Creative Non-Fiction Supplement VI
Holdings
Withdrawn status Lost status Source of classification or shelving scheme Damaged status Not for loan Home library Current library Shelving location Date acquired Total Checkouts Full call number Date last seen Uniform Resource Identifier Price effective from Koha item type
          Digital Library Digital Library Online Access 27.01.2021   PS3618.I3916 A84 2015 27.01.2021 https://muse.jhu.edu/book/52249/ 27.01.2021 eBook

OPENING HOURS

Weekdays: 0815hrs - 1800hrs
Weekends:0900hrs - 1200hrs

Closed for Mass:

Mon, Thur: 1200hrs - 1300hrs
Sunday & Public Holiday’s

CALL SUPPORT

0242-570570, 0242-570169
09200664, +263 8644140602

LOCATION

18443, Cranborne Avenue, Hatfield, Harare

Other Links


©2021 | CUZ Library